Výzvy pre znalostnú ekonomiku

Špecifiká znalostnej ekonomiky. Hospodárska kríza a problémy znalostnej ekonomiky. Vplyv vedy a výskumu na makroekonomické veličiny.

Gespeichert in:
Bibliographische Detailangaben
1. Verfasser: Budai, Andrej
Format: Buchkapitel
Sprache:Slowakisch
Schlagworte:
Tags: Tag hinzufügen
Keine Tags, Fügen Sie das erste Tag hinzu!

MARC

LEADER 00000nla$a2200000$$$4500
001 0123530
005 20240502072407.4
041 0 |a slo 
044 |a SK 
245 1 0 |a Výzvy pre znalostnú ekonomiku  |c Andrej Budai 
520 |a Špecifiká znalostnej ekonomiky. Hospodárska kríza a problémy znalostnej ekonomiky. Vplyv vedy a výskumu na makroekonomické veličiny. 
610 2 0 |a ekonomika vedomostná 
610 2 0 |a kríza hospodárska 
610 2 0 |a veda 
610 2 0 |a výskum 
100 1 |a Budai, Andrej